Catálogo público

Evaluación de progenies avanzadas de nochebuena (Euphorbia pulcherrima Willd ex Klotzsch) en Zacatepec, Morelos / (Record no. 218787)

MARC details
000 -CABECERA
campo de control de longitud fija 03825nam a2200301 a 4500
003 - IDENTIFICADOR DEL NÚMERO DE CONTROL
campo de control OSt
005 - FECHA Y HORA DE LA ÚLTIMA TRANSACCIÓN
campo de control 20251111111512.0
007 - CAMPO FIJO DE DESCRIPCIÓN FÍSICA--INFORMACIÓN GENERAL
campo de control de longitud fija cr ||||||a|c|a
008 - DATOS DE LONGITUD FIJA--INFORMACIÓN GENERAL
campo de control de longitud fija 230518s2019 mx a|||fom||| 001 0 spa d
040 ## - FUENTE DE LA CATALOGACIÓN
Normas de descripción rda
100 1# - ENTRADA PRINCIPAL--NOMBRE DE PERSONA
9 (RLIN) 187094
Nombre de persona Villar Montellano, María Angélica
245 10 - MENCIÓN DE TÍTULO
Título Evaluación de progenies avanzadas de nochebuena (Euphorbia pulcherrima Willd ex Klotzsch) en Zacatepec, Morelos /
Mención de responsabilidad, etc. por María Angélica Villar Montellano; director de tesis Jaime Canul Ku.
264 #1 - PRODUCCIÓN, PUBLICACIÓN, DISTRIBUCIÓN, FABRICACIÓN Y COPYRIGHT
Producción, publicación, distribución, fabricación y copyright Chapingo, México :
Nombre del de productor, editor, distribuidor, fabricante El autor,
Fecha de producción, publicación, distribución, fabricación o copyright 2019.
300 ## - DESCRIPCIÓN FÍSICA
Extensión 1 recurso en línea (50 páginas):
Otras características físicas cuadros, figuras.
336 ## - TIPO DE CONTENIDO
Fuente rdacontent
Término de tipo de contenido texto
Código de tipo de contenido txt
337 ## - TIPO DE MEDIO
Fuente rdamedia
Nombre/término del tipo de medio computadora
Código del tipo de medio c
338 ## - TIPO DE SOPORTE
Fuente rdacarrier
Nombre/término del tipo de soporte recurso en línea
Código del tipo de soporte cr
502 ## - NOTA DE TESIS
Tipo de título Ingeniero Agrónomo Especialista en Fitotecnia
Nombre de la institución que otorga el título Departamento de Enseñanza, Investigación y Servicio en Fitotecnia,
Año de obtención del título 2019.
Información miscelánea Licenciatura
504 ## - NOTA DE BIBLIOGRAFÍA, ETC.
Nota de bibliografía, etc. Incluye referencias bibliográficas: páginas 46-50.
520 ## - SUMARIO, ETC.
Sumario, etc. Para la producción de planta de nochebuena en maceta, México importa material mejorado de otros países, de Estados Unidos principalmente; muchos de estos materiales están adaptados a otras condiciones por lo que al ser establecidos en las zonas productoras de México presentan diversos problemas como son: la poca adaptabilidad, generando plantas de mala calidad. Por ello, en el año 2010 el Campo Experimental Zacatepec del Instituto Nacional de Investigaciones Forestales, Agrícolas y Pecuarias (INIFAP) inició en forma sistematizada el programa de mejoramiento genético, como resultado se tienen materiales potenciales que pueden ser evaluados e identificados para determinar si son aptos para su registro como nueva variedad. Por lo anterior, el objetivo de este trabajo fue evaluar, identificar y seleccionar las progenies sobresalientes, en base a los criterios agronómicos que demanda el mercado. Se evaluaron diez materiales denominados: GAM1, GAM2, GAM3, GAM4, GAM5, GAM6, GAM7, GAM8, GAM9 y GAM10, Se utilizó un diseño experimental de bloques completos al azar, considerando a una planta como unidad experimental, teniendo 10 repeticiones por tratamiento. Las variables que se registraron fueron los siguientes: altura de la planta(cm), número de ramas y entrenudos, diámetro de ciatio (cm), longitud del peciolo de la bráctea (cm), largo de la bráctea (cm), ancho de bráctea (cm), longitud de la hoja (cm), ancho de la hoja (cm), y longitud del peciolo de la hoja (cm). Con base en la información obtenida se realizó análisis de varianza y comparación de medias mediante la prueba de Tukey (P ≤ 0.05), utilizando el programa de análisis estadístico SAS. El análisis de varianza mostró diferencias estadísticas altamente significativas para la mayoría de los caracteres, a excepción de la variable de diámetro de tallo. El coeficiente de variación con el valor más alto se obtuvo en la característica número de ramas con 25.84% y con el menor valor se registró en diámetro del tallo con 11.13%. Del total de genotipos evaluados, el que no destaco en ninguna característica fue GAM6. Los 9 restantes sobresalieron en: altura de GAM1, en número de entrenudos, GAM5; en largo ancho de bráctea y hoja fueron GAM8 y GAM9. Las progenies GAM8 y GAM9 fueron los materiales que presentaron mejor respuesta en características deseables en nochebuena y GAM8 fue el que reunió más características aceptables, el cual permitió diferenciarlo del total de los materiales evaluados.
650 #4 - PUNTO DE ACCESO ADICIONAL DE MATERIA--TÉRMINO DE MATERIA
9 (RLIN) 186233
Término de materia o nombre geográfico como elemento de entrada Flor de nochebuena
Subdivisión general Mejoramiento genético
650 #4 - PUNTO DE ACCESO ADICIONAL DE MATERIA--TÉRMINO DE MATERIA
9 (RLIN) 129001
Término de materia o nombre geográfico como elemento de entrada Flor de nochebuena
Subdivisión general Fisología y morfología
650 #4 - PUNTO DE ACCESO ADICIONAL DE MATERIA--TÉRMINO DE MATERIA
9 (RLIN) 41305
Término de materia o nombre geográfico como elemento de entrada Flor de nochebuena
Subdivisión general Calidad
650 #4 - PUNTO DE ACCESO ADICIONAL DE MATERIA--TÉRMINO DE MATERIA
9 (RLIN) 41313
Término de materia o nombre geográfico como elemento de entrada Flor de Nochebuena
Subdivisión general Variedades
700 1# - PUNTO DE ACCESO ADICIONAL--NOMBRE DE PERSONA
9 (RLIN) 18552
Nombre de persona Canul Ku, Jaime
Término indicativo de función/relación director.
856 ## - LOCALIZACIÓN Y ACCESO ELECTRÓNICOS
Identificador Uniforme del Recurso http://10.13.5.2/tesis/tl/Villar_Montellano_Maria_Angelica.pdf
Nota pública DESCARGAR PDF
942 ## - ELEMENTOS DE PUNTO DE ACCESO ADICIONAL (KOHA)
Fuente del sistema de clasificación o colocación Clasificación Universidad Autónoma Chapingo
Tipo de ítem Koha Tesis digital
Holdings
Estado de retiro Estado de pérdida Fuente del sistema de clasificación o colocación Estado dañado Restricciones de uso No para préstamo Código de colección Localización permanente Ubicación/localización actual Ubicación en estantería Fecha de adquisición Total de préstamos Signatura topográfica completa Fecha visto por última vez Precio válido a partir de Tipo de ítem Koha
    Clasificación Universidad Autónoma de Chapingo   Préstamo interno   Tesis digitales de Licenciatura Biblioteca Digital Biblioteca Digital En línea 18/05/2023   Tesis digital 18/05/2023 18/05/2023 Tesis digital